[Event "HK-chT 1617 Master 9th"]
[Site "Denmark"]
[Date "2017.02.26"]
[Round "6"]
[White "Christensen, Michael Rene"]
[Black "Olesen, Bent"]
[Result "1-0"]
[WhiteElo "1671"]
[BlackElo "2037"]
[PlyCount "57"]
[EventDate "2016.11.16"]
[EventType "team-tourn"]
[EventRounds "7"]
[EventCountry "DEN"]
[SourceTitle "EXT 2025"]
[Source "ChessBase"]
[SourceDate "2024.10.14"]
[SourceVersion "1"]
[SourceVersionDate "2024.10.14"]
[SourceQuality "1"]
[WhiteTeam "THY II"]
[BlackTeam "Lemvig"]
[WhiteTeamCountry "DEN"]
[BlackTeamCountry "DEN"]

1. e4 e6 2. d4 b6 3. Bd3 Bb7 4. Ne2 d6 5. 0-0 Nd7 6. f4 Ne7 7. Ng3 d5 8. e5 g6 9. c3 Bg7 10. Nd2 h5 11. h4 c5 12. Nf3 Nc6 13. Qc2 Nf8 14. Be3 c4 15. Be2 Qe7 16. f5 exf5 17. Nxf5 gxf5 18. Qxf5 Bc8 19. Qc2 Ne6 20. Ng5 Nxg5 21. Bxg5 Qe6 22. Bf6 Bxf6 23. Rxf6 Qe7 24. Rxc6 Qxh4 25. Rf6 Rg8 26. Qh7 Rf8 27. Bxh5 Qg5 28. Bxf7+ Kd8 29. Bxd5 1-0